Normal view
MARC view
- Conee, Earl,
Entry Personal Name
001 - CONTROL NUMBER
- control field: 804
003 - CONTROL NUMBER IDENTIFIER
- control field: DLC
005 - DATE AND TIME OF LATEST TRANSACTION
- control field: 20231002143051.0
008 - FIXED-LENGTH DATA ELEMENTS
- fixed length control field: 860718n| azannaab |n aaa
010 ## - LIBRARY OF CONGRESS CONTROL NUMBER
- LC control number: n 86840989
040 ## - CATALOGING SOURCE
- Original cataloging agency: DLC
- Language of cataloging: eng
- Description conventions: rda
- Transcribing agency: DLC
- Modifying agency: DLC
046 ## - SPECIAL CODED DATES
- Birth date: 1950
100 1# - HEADING--PERSONAL NAME
- Personal name: Conee, Earl,
- Dates associated with a name: 1950-
670 ## - SOURCE DATA FOUND
- Source citation: nuc86-66208: His Pleasure and intrinsic goodness, 1980
- Information found: (hgd. on MU rept.: Conee, Earl Brink, 1950- )